[Event "ch-Commonwealth"]
[Site "Nagpur IND"]
[Date "2008.09.30"]
[Round "4"]
[White "Grover,S"]
[Black "Anurag,M"]
[Result "0-1"]
[WhiteElo "2306"]
[BlackElo "2113"]

1.e4 c5 2.Nf3 e6 3.d4 cxd4 4.Nxd4 a6 5.Nc3 Qc7 6.Bd3 d6 7.O-O Nd7 8.Kh1 Ngf6
9.f4 Be7 10.Qf3 b5 11.Bd2 Bb7 12.Rae1 Nc5 13.a3 g6 14.Qh3 Nfd7 15.b4 Nxd3
16.cxd3 Bf6 17.Nf3 Rc8 18.d4 Qc4 19.Rc1 Qd3 20.Rfd1 h6 21.f5 gxf5 22.Bf4 Rxc3
23.Rxd3 Rxd3 24.exf5 e5 25.dxe5 dxe5 26.Bg3 h5 27.Bh4 Rg8 28.Bxf6 Nxf6 29.Qh4 Rxf3
30.Qxf6 Rxf5 31.Rc8+ Bxc8 32.Qc6+ Bd7 33.Qc1 e4 34.g3 Rg6 35.Qe3 Re6 36.Kg2 Rd5
37.h4 Rd3 38.Qg5 Rxg3+  0-1

[Event "17th CRO-chT 1b"]
[Site "Sibenik CRO"]
[Date "2008.09.30"]
[Round "4"]
[White "Mrdja,M"]
[Black "Sinanovic,M"]
[Result "0-1"]
[WhiteElo "2409"]
[BlackElo "2386"]

1.e4 c5 2.Nf3 e6 3.d4 cxd4 4.Nxd4 a6 5.Nc3 d6 6.Bc4 Nf6 7.Bb3 b5 8.O-O Be7
9.Qf3 Qb6 10.Be3 Qb7 11.Qg3 O-O 12.Bh6 Ne8 13.Rad1 Bd7 14.Rfe1 Nc6 15.Nxc6 Bxc6
16.a3 a5 17.f3 a4 18.Bd5 Rc8 19.Bxc6 Rxc6 20.Rd2 b4 21.axb4 a3 22.Ne2 axb2
23.c3 Qa7+ 24.Kf1 Qa2 25.Rdd1 Bf6 26.Bg5 Bxc3 27.Nxc3 Rxc3 28.Qf2 f6 29.Be3 Qb3
30.Rb1 Rc2  0-1

[Event "Podillya It"]
[Site "Khmelnitsky UKR"]
[Date "2008.10.01"]
[Round "8"]
[White "Onischuk,V"]
[Black "Lutsko,I"]
[Result "1-0"]
[WhiteElo "2506"]
[BlackElo "2399"]

1.e4 c5 2.Nf3 e6 3.Nc3 a6 4.d4 cxd4 5.Nxd4 Qc7 6.g3 Nc6 7.Bg2 d6 8.O-O Bd7
9.Nde2 Nf6 10.Nf4 Ne5 11.h3 Bc6 12.a4 Be7 13.Qe2 O-O 14.g4 b6 15.g5 Nfd7
16.Nh5 g6 17.Ng3 Bb7 18.f4 Nc6 19.f5 Rfe8 20.fxe6 fxe6 21.h4 Bf8 22.Bh3 Bg7
23.Qg2 Nb4 24.Bf4 Ne5 25.Rad1 Rad8 26.Kh1 Nc4 27.Bc1 Be5 28.Nge2 Nxc2 29.Rd3 Nb4
30.Rdf3 d5 31.b3 Nd6 32.Bf4 Nxe4 33.Bxe5 Qxe5 34.Rf7 Bc6 35.Nxe4 dxe4 36.Qg4 Nd3
37.Kg1 e3 38.Qc4 Qd5 39.Qxd5 Bxd5 40.Ra7 Nf2 41.Bg2 Bxb3 42.Nc3 Bc4 43.Rc1 Rd4
44.Rb1 Rb8 45.a5 Rd6 46.Re1 Ng4 47.Ne4 Rd4 48.axb6 e2 49.Bf3 Ne5 50.Nf6+ Kf8
51.Bxe2 Rxb6 52.Rf1  1-0

[Event "ch-Commonwealth"]
[Site "Nagpur IND"]
[Date "2008.10.01"]
[Round "5"]
[White "Priyadharshan,K"]
[Black "Rohit,G"]
[Result "1/2-1/2"]
[WhiteElo "2297"]
[BlackElo "2457"]

1.e4 c5 2.Nf3 e6 3.d4 cxd4 4.Nxd4 a6 5.Nc3 Qc7 6.Bd3 Nf6 7.O-O d6 8.Qe2 Nbd7
9.Nb3 b5 10.a4 b4 11.Nb1 d5 12.N1d2 Ne5 13.exd5 Nxd3 14.cxd3 Nxd5 15.Nc4 Bd6
16.Nxd6+ Qxd6 17.Qg4 O-O 18.Bh6 Qe5 19.d4 Qf6 20.Be3 Rd8 21.Qg3 Qg6 22.Rac1 Qxg3
23.hxg3 Bd7 24.a5 Bb5 25.Rfe1 Rdc8 26.Nc5 Rc6 27.Bd2 Rac8 28.g4 h6 29.f3 Rd8
30.Kf2 Nf6 31.Bxb4  1/2-1/2

[Event "Podillya It"]
[Site "Khmelnitsky UKR"]
[Date "2008.10.02"]
[Round "10"]
[White "Zherebukh,Y"]
[Black "Simonian,H"]
[Result "1-0"]
[WhiteElo "2432"]
[BlackElo "2452"]

1.e4 c5 2.Nf3 e6 3.d4 cxd4 4.Nxd4 a6 5.Nc3 b5 6.Bd3 Bc5 7.Nb3 Be7 8.Qg4 g6
9.Qe2 Bb7 10.O-O h5 11.a4 b4 12.Na2 Nf6 13.c3 bxc3 14.Nxc3 Nc6 15.a5 Ne5
16.Bc2 Rc8 17.Ra4 Qc7 18.f4 Neg4 19.h3 Bc5+ 20.Nxc5 Qxc5+ 21.Kh1 d5 22.exd5 Nxd5
23.Be4 Nxc3 24.bxc3 Bxe4 25.Rxe4 Rc6 26.Rb4 Rc8 27.Qxa6 Kf8 28.Rb5 Qc4 29.Rb6 Qxa6
30.Rxa6 Nh6 31.Ba3+ Kg7 32.Rd1 Nf5 33.Ra7 Rhd8 34.Rdd7 Rxd7 35.Rxd7 Rc4 36.g4 hxg4
37.hxg4 Ra4 38.gxf5 Rxa3 39.fxe6 Rxa5 40.Kg2 Kf6 41.exf7 Kg7 42.Rc7 g5 43.fxg5 Rxg5+
44.Kf3 Re5 45.Kf4 Re1 46.Kf5 Re2 47.c4 Re1 48.c5 Kf8 49.c6 Rc1 50.Ke6 Re1+
51.Kd6 Rd1+ 52.Kc5 Rc1+ 53.Kb6 Rb1+ 54.Ka7 Rc1 55.Kb7 Rb1+ 56.Kc8 Rc1 57.Kd8 Rc2
58.Rc8 Kxf7 59.Kd7 Rd2+ 60.Kc7 Ke7 61.Rh8 Rb2 62.Rh1 Rb3 63.Re1+ Kf7 64.Kc8 Rb6
65.c7 Rb2 66.Re5 Kf6 67.Re4 Kf7 68.Kd7 Rd2+ 69.Kc6 Rc2+ 70.Kd6 Kf6 71.Rf4+ Kg7
72.Rf5  1-0

[Event "ch-Commonwealth"]
[Site "Nagpur IND"]
[Date "2008.10.03"]
[Round "7"]
[White "Hardik,Me"]
[Black "Manush,S"]
[Result "1-0"]
[WhiteElo "2037"]
[BlackElo "1863"]

1.e4 c5 2.Nf3 e6 3.d4 cxd4 4.Nxd4 a6 5.Nc3 Qc7 6.Be3 b5 7.Bd3 Nc6 8.O-O Bb7
9.Kh1 d6 10.f4 Nf6 11.Qf3 Ne7 12.a4 b4 13.Nce2 Ng6 14.c3 Qa5 15.cxb4 Qxb4
16.Ra3 Qa5 17.Rb3 Qc7 18.Rc1 Qd7 19.Nb5 Rc8 20.Rxc8+ Bxc8 21.Rc3 Be7 22.Nc7+ Kf8
23.Nxa6 Bd8 24.Nb8 Qb7 25.Ba6 Qxb8 26.Rxc8 Qxb2 27.Rxd8+ Ke7 28.Rxh8 Nxh8
29.e5 dxe5 30.Bc5+ Kd7 31.Bb5+ Kc7 32.Qc6+ Kd8 33.Qb6+ Kc8 34.Ba6+ Kd7 35.Qd6+  1-0

[Event "1st WMSG Blitz Ind w"]
[Site "Beijing CHN"]
[Date "2008.10.04"]
[Round "1"]
[White "Borosova,Z"]
[Black "Sachdev,T"]
[Result "0-1"]
[WhiteElo "2234"]
[BlackElo "2425"]

1.e4 c5 2.Nf3 e6 3.d4 cxd4 4.Nxd4 a6 5.Nc3 Qc7 6.Bd3 Nf6 7.Qe2 d6 8.O-O g6
9.f4 Bg7 10.Kh1 Nc6 11.Nb3 O-O 12.a4 b6 13.Be3 Bb7 14.Bg1 Nd7 15.f5 Nce5
16.a5 b5 17.Nd4 Rae8 18.h3 exf5 19.Qf2 b4 20.Nd5 Bxd5 21.exd5 Nc5 22.Be2 Qb7
23.Nb3 Nxb3 24.cxb3 Qxd5 25.Bxa6 Ra8 26.Bc4 Nxc4 27.bxc4 Qxc4 28.Rfc1 Qb5
29.Rd1 Rxa5 30.Rxa5 Qxa5 31.Rxd6 Qe5 32.Rd2 Re8 33.Qd4 Qxd4 34.Bxd4 Rd8 35.Be3 Rxd2
36.Bxd2 b3 37.Bc1 Kf8 38.Kg1 Ke7 39.Kf2 Kd6 40.Ke3 Kc5 41.Kd3 Kb5 42.g4 fxg4
43.hxg4 h5 44.gxh5 gxh5 45.Ke4 Kc4 46.Kf5 Kd3 47.Kg5 Kc2 48.Bf4 Bxb2 49.Kxh5 Bd4  0-1

[Event "1st WMSG Blitz Ind w"]
[Site "Beijing CHN"]
[Date "2008.10.04"]
[Round "5"]
[White "Pourkashiyan,A"]
[Black "Muzychuk,M"]
[Result "1-0"]
[WhiteElo "2241"]
[BlackElo "2436"]

1.e4 c5 2.Nf3 e6 3.d4 cxd4 4.Nxd4 a6 5.Nc3 b5 6.Bd3 Bb7 7.O-O d6 8.a3 Nf6
9.Be3 Be7 10.f4 Nbd7 11.Qf3 O-O 12.Rae1 Rc8 13.Kh1 Nc5 14.Bg1 d5 15.e5 Nfe4
16.Bxe4 dxe4 17.Qg4 Qxd4 18.Bxd4 Bd5 19.Qg3 e3 20.Qf2 e2 21.h3 b4 22.Kh2 h6
23.Bxc5 g5 24.axb4  1-0

[Event "1st WMSG Blitz Ind w"]
[Site "Beijing CHN"]
[Date "2008.10.04"]
[Round "9"]
[White "Hou Yifan"]
[Black "Li Ruofan"]
[Result "1-0"]
[WhiteElo "2578"]
[BlackElo "2426"]

1.e4 c5 2.Nf3 e6 3.Nc3 a6 4.d4 cxd4 5.Nxd4 Qc7 6.Bd3 Bc5 7.Nb3 Be7 8.O-O Nf6
9.f4 d6 10.Kh1 Nbd7 11.a4 b6 12.Bd2 Bb7 13.Qf3 O-O 14.Rae1 g6 15.Qh3 e5 16.fxe5 Nxe5
17.Bg5 Nh5 18.Bh6 Rfe8 19.Nd4 Bf8 20.Bxf8 Rxf8 21.Nf5 f6 22.Nd4 Ng7 23.Qh4 Qf7
24.Rf2 Rae8 25.Ref1 Nd7 26.b3 Kh8 27.Bc4 Qe7 28.Bd5 Nc5 29.Bxb7 Qxb7 30.Rxf6 Rxf6
31.Qxf6 Qb8 32.Qf3 Nge6 33.Nxe6 Nxe6 34.Qf6+ Ng7 35.h3 Kg8 36.Qf7+ Kh8 37.Nd5 Qd8
38.Rf4 Nh5 39.Rf3 Rxe4 40.g4 Re1+ 41.Kg2 Re2+ 42.Kf1 Rxc2 43.gxh5 Rc1+ 44.Ke2 Rc2+
45.Kd3 Qc8 46.Qf6+  1-0

[Event "1st WMSG Blitz Ind w"]
[Site "Beijing CHN"]
[Date "2008.10.04"]
[Round "9"]
[White "Vasilevich,I"]
[Black "Tagnon,N"]
[Result "1-0"]
[WhiteElo "2354"]
[BlackElo "1956"]

1.e4 c5 2.Nf3 e6 3.d4 cxd4 4.Nxd4 a6 5.Nc3 b5 6.Bd3 Bb7 7.O-O Ne7 8.Be3 Nec6
9.Nb3 Be7 10.f4 d6 11.f5 exf5 12.exf5 Ne5 13.Be4 Qc7 14.Bxb7 Qxb7 15.Nd5 Nc4
16.Bf2 O-O 17.f6 Bxf6 18.Nxf6+ gxf6 19.Qg4+ Kh8 20.Bd4 Ne5 21.Qh4 Nbd7 22.Rxf6  1-0

[Event "1st WMSG Blitz Ind"]
[Site "Beijing CHN"]
[Date "2008.10.04"]
[Round "10"]
[White "Fier,A"]
[Black "Kryvoruchko,Y"]
[Result "1/2-1/2"]
[WhiteElo "2581"]
[BlackElo "2627"]

1.e4 c5 2.Nf3 e6 3.d4 cxd4 4.Nxd4 a6 5.Nc3 Qc7 6.Be2 b5 7.O-O Bb7 8.Bf3 Nc6
9.Nxc6 dxc6 10.Re1 Rd8 11.Qe2 Ne7 12.e5 Ng6 13.Bg5 Be7 14.Bxe7 Qxe7 15.a4 O-O
16.Qe3 Rd7 17.axb5 axb5 18.g3 Rfd8 19.h4 Qb4 20.b3 h6 21.h5 Ne7 22.Ne4 Nf5
23.Qc5 Qd4 24.Qxd4 Nxd4 25.Bd1 Rd5 26.Nd6 Ba8 27.c3 Nf5 28.Nxf5 exf5 29.Bc2 Rc5
30.Bxf5 Rxc3 31.Red1 Rf8 32.e6 fxe6 33.Bxe6+ Kh8 34.b4 c5 35.bxc5 Rxc5 36.Ra7 Rxh5
37.Rxa8 Rxa8 38.Kg2 Re5 39.Bf7 Re7 40.Bg6 Re6 41.Bf5 Rf6 42.g4 g6 43.Be4 Kg7
44.Bxa8 Rf7 45.Be4 Re7 46.f3 h5 47.gxh5 gxh5 48.Rd5 Kh6 49.Rxb5 Rg7+ 50.Kh3 Rg1
51.Rb6+ Kg7 52.f4 Rg4 53.Rb7+ Kf6 54.Bf3 Rxf4 55.Bxh5 Re4 56.Bf3 Re3 57.Kg4 Re6
58.Kf4 Rd6 59.Rb5 Ra6 60.Rh5 Ra4+ 61.Be4 Kg7 62.Ke5 Ra5+ 63.Bd5 Ra6 64.Rf5 Ra7
65.Kf4 Re7 66.Kg5 Rc7 67.Be6 Re7 68.Re5 Rc7 69.Bf5 Ra7 70.Re6 Rc7 71.Rh6 Re7
72.Rh7+ Kf8 73.Rh1 Kg7 74.Rh6 Rf7 75.Rg6+ Kf8 76.Be6 Rg7 77.Rxg7  1/2-1/2

[Event "YUURGU-65 GM"]
[Site "Chelyabinsk RUS"]
[Date "2008.10.04"]
[Round "3"]
[White "Fazulyanov,S"]
[Black "Yatsenko,A"]
[Result "1/2-1/2"]
[WhiteElo "2395"]
[BlackElo "2469"]

1.e4 c5 2.Nf3 e6 3.d4 cxd4 4.Nxd4 a6 5.Nc3 Qc7 6.Bd3 g6 7.a4 Bg7 8.Be3 Nf6
9.f4 d6 10.a5 O-O 11.Nb3 Bd7 12.Bb6 Qc8 13.O-O Bc6 14.Qe1 Nbd7 15.Be3 Qc7
16.Qh4 Bb5 17.Nxb5 axb5 18.Qe1 Ng4 19.Bd2 Bxb2 20.Rb1 Bg7 21.Bxb5 Ngf6 22.Bb4 Rfd8
23.c4 b6 24.Kh1 Rdb8 25.axb6 Nxb6 26.Na5 Nfd7 27.Qe3 Bf8 28.Rfc1 Nc5 29.Nc6 Rc8
30.e5 Nbd7 31.Ra1 Qb7 32.Na5 Qc7 33.Nc6 Qb7 34.Na5 Qc7 35.Nc6  1/2-1/2

[Event "Chigorin Memorial"]
[Site "St Petersburg RUS"]
[Date "2008.10.04"]
[Round "1"]
[White "Donskov,Ana"]
[Black "Shimanov,A"]
[Result "0-1"]
[WhiteElo "2131"]
[BlackElo "2476"]

1.e4 c5 2.Nf3 e6 3.d4 cxd4 4.Nxd4 a6 5.Nc3 Qc7 6.Be2 Nf6 7.O-O d6 8.f4 Nbd7
9.Kh1 b5 10.Bf3 Bb7 11.e5 dxe5 12.fxe5 Nxe5 13.Bf4 Bxf3 14.Nxf3 Bd6 15.Re1 Nc4
16.Bxd6 Qxd6 17.Qxd6 Nxd6 18.a4 b4 19.Na2 a5 20.c3 bxc3 21.Nxc3 Rb8 22.Re2 Ke7
23.Nd4 Rhc8 24.Rd1 Rb4 25.h3 Rc5 26.Re5 Rbc4 27.Rxc5 Rxc5 28.Kh2 Nc4 29.b3 Nb2
30.Rd2 Rxc3 31.Rxb2 Nd5 32.Nb5 Rd3 33.Na3 Nb4 34.Nc4 Nc6 35.Kg1 e5 36.Kf1 Ke6
37.Rd2 Rxd2 38.Nxd2 Nd4 39.Kf2 f5 40.g3 Kd5 41.h4 Kc5 42.Nc4 Nc6 43.Ke3 Kb4
44.Nd2 Kc3  0-1

[Event "1st WMSG Rapid Ind w"]
[Site "Beijing CHN"]
[Date "2008.10.05"]
[Round "1"]
[White "Zawadzka,J"]
[Black "Tagnon,N"]
[Result "1-0"]
[WhiteElo "2378"]
[BlackElo "1956"]

1.e4 c5 2.Nf3 e6 3.d4 cxd4 4.Nxd4 a6 5.Nc3 b5 6.Bd3 Bb7 7.Qe2 Ne7 8.O-O Nec6
9.Nb3 Be7 10.Bd2 d6 11.f4 O-O 12.a4 b4 13.Nd1 Nd7 14.Ne3 Bf6 15.Rab1 Qb6
16.Kh1 Na5 17.Nxa5 Qxa5 18.Nc4 Qc5 19.Be3 Bd4 20.Na5 Qxa5 21.Bxd4 e5 22.fxe5 dxe5
23.Bg1 Rac8 24.b3 Nc5 25.Bxc5 Qxc5 26.Rf3 Rc6 27.Rbf1 Bc8 28.h3 Rh6 29.Rg3 a5
30.Bc4 Be6 31.Qd2 Kh8 32.Bd5 Qe7 33.c4 bxc3 34.Qxc3 Bxd5 35.exd5 Qd6 36.Qxa5 e4
37.Qc3 Rg6 38.Rxg6 hxg6 39.Qd4 f5 40.b4 Rd8 41.Rd1 Rc8 42.a5 Rb8 43.Qc5 Qa6
44.d6 Qe2 45.Rg1 f4 46.d7 Qa6 47.Qe5 Qf6 48.Qxb8+  1-0

[Event "1st WMSG Rapid Ind w"]
[Site "Beijing CHN"]
[Date "2008.10.05"]
[Round "2"]
[White "Dworakowska,J"]
[Black "Pourkashiyan,A"]
[Result "1-0"]
[WhiteElo "2363"]
[BlackElo "2241"]

1.e4 c5 2.Nf3 e6 3.d4 cxd4 4.Nxd4 a6 5.Nc3 Qc7 6.Bd3 Nc6 7.Be3 Nf6 8.O-O Bd6
9.h3 O-O 10.a4 b6 11.Nb3 Be5 12.f4 Bxc3 13.bxc3 d5 14.e5 Ne4 15.c4 Bb7 16.cxd5 exd5
17.Qe1 Rfe8 18.Nd4 Nxd4 19.Bxd4 Nc5 20.f5 Nxd3 21.cxd3 f6 22.e6 Rab8 23.Qh4 Qe7
24.Rf4 Rec8 25.Rg4 Kh8 26.Rxg7 Kxg7 27.Qg5+ Kf8 28.Bxf6 Qc7 29.e7+ Ke8 30.Qg8+ Kd7
31.Qe6+ Ke8 32.Re1 Qg3 33.Bh4 Qxh4 34.f6 Qxe1+ 35.Qxe1 Kf7 36.Qh4 b5 37.g4 Rc1+
38.Kf2 Rbc8 39.Qh5+ Kxf6 40.e8=Q Rxe8 41.Qxe8 Rc2+ 42.Kg3 Bc6 43.Qd8+ Kg7
44.Qc7+ Kg8 45.a5 b4 46.Qb8+ Kf7 47.Qxb4 Bb5 48.Qd6 Bc6 49.Qc7+ Kg8 50.Qb8+ Kf7
51.Qa7+ Kg8 52.Qxa6 d4 53.Qc8+ Kg7 54.Qc7+ Kg8 55.Qd8+ Kf7 56.Qxd4  1-0

[Event "1st WMSG Rapid Ind w"]
[Site "Beijing CHN"]
[Date "2008.10.05"]
[Round "2"]
[White "Dembo,Y"]
[Black "Muzychuk,M"]
[Result "1-0"]
[WhiteElo "2446"]
[BlackElo "2436"]

1.e4 c5 2.Nf3 e6 3.Nc3 a6 4.d4 cxd4 5.Nxd4 b5 6.Bd3 Bb7 7.O-O d6 8.Qe2 Nf6
9.Bd2 Nbd7 10.a4 b4 11.Na2 a5 12.c3 bxc3 13.Nxc3 Be7 14.Bb5 Rc8 15.Kh1 O-O
16.f3 Nc5 17.Qe1 Qb6 18.Be3 Rfd8 19.Qf2 Nfd7 20.Rfd1 Ba6 21.Nb3 Bxb5 22.axb5 Ra8
23.Qe2 Bf6 24.Na4 Qc7 25.Rac1 Be7 26.Nd4 Bf8 27.Nxc5 dxc5 28.Nc6 Rdc8 29.Qd2 Nb6
30.Bxc5 Bxc5 31.Rxc5 h6 32.Rc3 a4 33.Qd6 Kh7 34.Kg1 Qb7 35.h3 a3 36.bxa3 Na4
37.Rb3 Qb6+ 38.Kh2 Nc5 39.Rbb1 Rxa3 40.Rbc1 Qxb5 41.Qxc5 Qb3 42.Qd4 Ra4 43.Qd7 Raa8
44.Nd4 Qb8+ 45.Kh1 Rxc1 46.Rxc1 Qf4 47.Qc7 Qd2 48.Nb3 Qe3 49.Qc3 Qf2 50.Qc2 Qg3
51.Nd4 Rd8 52.Ne2 Qf2 53.Rd1 Ra8 54.Qd2 Ra3 55.Nd4 Qg3 56.Qc2 Ra5 57.Rb1 Rg5
58.Rf1 Ra5 59.Qf2 Qf4 60.Re1 Ra4 61.Rd1 Ra3 62.Qd2 Qg3 63.Re1 Ra4 64.Ne2 Qf2
65.Rd1 Ra3 66.Nd4 Qg3 67.f4 Re3 68.f5 e5 69.Ne2 Qf2 70.Ng1 Qg3 71.Qc2 Qf4
72.Qb1 f6 73.Re1 Ra3 74.Qc1 Qg3 75.Qd2 Rb3 76.Qe2 Ra3 77.Nf3 Qf4 78.Ng1 Qg3
79.Qd2 Rb3 80.Rd1 Ra3 81.Rf1 Qh4 82.Qe1 Qg5 83.Qc1 Qg3 84.Rf3 Rxf3 85.Nxf3 Qf2
86.Qe1 Qc5 87.Kh2 Qc4 88.Qe3 Qc2 89.Kg3 Qd1 90.Qc3 Qe2 91.Qb4 Qe3 92.Qc4 Qa3
93.Kf2 Qb2+ 94.Qe2 Qb6+ 95.Qe3 Qb2+ 96.Kg3 Qc2 97.h4 Qd1 98.Kh2 Qc2 99.Kh3 Qd1
100.g4 Qh1+ 101.Kg3 Qf1 102.g5 hxg5 103.hxg5 Kg8 104.Qb3+ Kf8 105.Qb8+ Ke7
106.Qc7+ Ke8 107.Qxg7 fxg5 108.f6 Qc4 109.Qe7+  1-0

[Event "FSIM October"]
[Site "Budapest HUN"]
[Date "2008.10.07"]
[Round "4"]
[White "Gabrielsen,T"]
[Black "Werner,Di"]
[Result "1/2-1/2"]
[WhiteElo "2280"]
[BlackElo "2328"]

1.e4 c5 2.Nf3 e6 3.d4 cxd4 4.Nxd4 a6 5.Nc3 Qc7 6.g3 Nc6 7.Bg2 d6 8.O-O Bd7
9.Re1 Be7 10.Nxc6 Bxc6 11.Qg4 h5 12.Qe2 Nf6 13.Bg5 Nxe4 14.Nxe4 Bxe4 15.Qxe4 Bxg5
16.Qxb7 Qxb7 17.Bxb7  1/2-1/2

[Event "Chigorin Memorial"]
[Site "St Petersburg RUS"]
[Date "2008.10.07"]
[Round "5"]
[White "Donskov,Ana"]
[Black "Gorbatov,A"]
[Result "0-1"]
[WhiteElo "2131"]
[BlackElo "2421"]

1.e4 c5 2.Nf3 a6 3.Nc3 e6 4.d4 cxd4 5.Nxd4 Qc7 6.Be2 Nf6 7.O-O Bb4 8.Qd3 O-O
9.Bg5 Be7 10.f4 d6 11.Kh1 h6 12.Bxf6 Bxf6 13.a4 Nc6 14.Nxc6 bxc6 15.a5 Rb8
16.b3 c5 17.Ra2 Rb4 18.Nb1 d5 19.Nd2 dxe4 20.Nxe4 Be7 21.Qe3 Bb7 22.Nd2 Rd4
23.Nc4 Bd6 24.Nxd6 Qxd6 25.c3 Rd5 26.Bc4 Rd1 27.Rf2 Rxf1+ 28.Rxf1 Qc6 29.Qf2 Rd8
30.h3 Rd6 31.Re1 g6 32.Re2 Qc7 33.Qg3 Rd1+ 34.Kh2 Kg7 35.Qe3 g5 36.Qe5+ Qxe5
37.fxe5 h5 38.Kg3 h4+ 39.Kf2 Kf8 40.Rc2 Ke7 41.b4 cxb4 42.cxb4 Rb1 43.b5 Be4
44.Re2 axb5 45.Rxe4 bxc4 46.Rxc4 Ra1 47.Rc7+ Kf8 48.Ra7 Kg7 49.a6 Ra5 50.Ra8 Rxe5
51.a7 Ra5 52.Kf3 Ra4 53.Ke3 Kf6 54.Kf3 Kf5 55.Ke3 e5 56.Kf3 Ra3+ 57.Kf2 Kf4
58.Ke2 e4 59.Kf2 Ra2+ 60.Ke1 f6 61.Rf8 Rxa7 62.Rxf6+ Ke3 63.Kd1 Ra1+ 64.Kc2 Ra2+
65.Kc3 Rxg2 66.Kc4 Rh2 67.Rg6 Rxh3 68.Rxg5 Rg3 69.Rh5 h3 70.Kd5 Kd3 71.Ke5 Rf3
72.Rh8 e3 73.Rd8+ Ke2 74.Ke4 Kf2 75.Rd1 e2 76.Rh1 Re3+  0-1

[Event "Chigorin Memorial"]
[Site "St Petersburg RUS"]
[Date "2008.10.07"]
[Round "5"]
[White "Loskutov,O"]
[Black "Eidelson,R"]
[Result "1-0"]
[WhiteElo "2482"]
[BlackElo "2220"]

1.e4 c5 2.Nf3 e6 3.d4 cxd4 4.Nxd4 a6 5.Nc3 b5 6.Bd3 Qb6 7.Nb3 d6 8.O-O Nf6
9.a4 b4 10.a5 Qb7 11.Na4 Nbd7 12.Qe2 Be7 13.f4 e5 14.f5 O-O 15.Nd2 d5  1-0

[Event "1st WMSG Blitz Pair"]
[Site "Beijing CHN"]
[Date "2008.10.08"]
[Round "2"]
[White "Chen Peng An"]
[Black "Li Ruofan"]
[Result "0-1"]
[WhiteElo "1553"]
[BlackElo "2426"]

1.e4 c5 2.Nf3 e6 3.d4 cxd4 4.Nxd4 a6 5.Nc3 Qc7 6.Bg5 b5 7.f4 Bb7 8.Bd3 h6
9.Bh4 Qxf4 10.Qe2 Qxh4+ 11.Qf2 Qxf2+ 12.Kxf2 Bc5 13.Ke3 e5 14.Kd2 Bxd4 15.Ne2 Nc6
16.c3 Bb6 17.Rhf1 Nf6 18.Ng3 Ne7 19.Rae1 O-O 20.Nf5 Nxf5 21.Rxf5 Rfe8 22.h3 d5
23.exd5 e4 24.Bf1 Bxd5 25.g4 e3+ 26.Kd3 Be4+ 27.Ke2 Bxf5 28.gxf5 Rad8 29.Kf3 Ne4
30.Bg2 Rd2 31.Bf1  0-1

[Event "1st WMSG Blitz Pair"]
[Site "Beijing CHN"]
[Date "2008.10.08"]
[Round "4"]
[White "Pourkashiyan,A"]
[Black "Sachdev,T"]
[Result "1-0"]
[WhiteElo "2241"]
[BlackElo "2425"]

1.e4 c5 2.Nf3 e6 3.d4 cxd4 4.Nxd4 a6 5.Nc3 Qc7 6.Bd3 Nf6 7.O-O d6 8.Be3 Nc6
9.Kh1 Be7 10.f4 O-O 11.Qf3 Re8 12.Rae1 Nb4 13.a3 Nxd3 14.cxd3 b5 15.e5 Bb7
16.Qg3 Nd7 17.f5 Nxe5 18.fxe6 f6 19.Nf5 Ng6 20.h4 Qc6 21.Ne4 Qd5 22.h5 Qxe6
23.hxg6 h6 24.Bxh6 gxh6 25.Nxh6+ Kg7 26.Nf5+ Kg8 27.Qh4 Bxe4 28.Qh7+  1-0

[Event "1st WMSG Blitz Pair"]
[Site "Beijing CHN"]
[Date "2008.10.08"]
[Round "6"]
[White "Chen Peng An"]
[Black "Greeff,M"]
[Result "0-1"]
[WhiteElo "1553"]
[BlackElo "1963"]

1.e4 c5 2.Nf3 e6 3.d4 cxd4 4.Nxd4 a6 5.Nc3 Nc6 6.Be3 Qc7 7.Be2 Nf6 8.f3 b5
9.Qd2 Bb7 10.O-O-O Bb4 11.Qd3 Ne5 12.Qd2 Nc4 13.Bxc4 bxc4 14.Nde2 O-O 15.Qd4 e5
16.Qd2 d5 17.a3 Bxc3 18.bxc3 Qa5 19.Kb2 dxe4 20.fxe4 Nxe4 21.Qd7 Rab8  0-1

[Event "1st WMSG Blitz Pair"]
[Site "Beijing CHN"]
[Date "2008.10.08"]
[Round "9"]
[White "Pourkashiyan,A"]
[Black "Li Ruofan"]
[Result "0-1"]
[WhiteElo "2241"]
[BlackElo "2426"]

1.e4 c5 2.Nf3 e6 3.d4 cxd4 4.Nxd4 a6 5.Nc3 Qc7 6.Bd3 Bc5 7.Nb3 Be7 8.O-O Nf6
9.Be3 d6 10.f4 Nbd7 11.Kh1 b5 12.a3 Bb7 13.Qf3 O-O 14.Rae1 Rfe8 15.Qg3 Bf8
16.Bd4 e5 17.Be3 exf4 18.Qxf4 Ne5 19.Nd4 Nc4 20.Bxc4 Qxc4 21.Bg1 Rac8 22.h3 Nxe4
23.Nxe4 Rxe4 24.Rxe4 Bxe4 25.Re1 Bb7 26.c3 Qd5 27.Re2 Re8 28.Rf2 g6 29.Nf3 h6
30.Rd2 Qc6 31.Bd4 Re6 32.Rf2 Qe4 33.Qd2 Bg7 34.Bxg7 Kxg7 35.Nd4 Re5 36.Qf4 Qxf4
37.Rxf4 f5 38.Rf2 Re3 39.Rd2 Rxh3+ 40.Kg1 Re3 41.Nc2 Re6 42.Nd4 Re7 43.Nb3 Re1+
44.Kf2 Rb1 45.Na5 Be4 46.b3 d5 47.c4 bxc4 48.bxc4 dxc4 49.Nxc4 Rc1 50.Nd6 Bc6
51.Nc8 Ra1 52.Rc2 Be4 53.Rc7+ Kf6 54.Nd6 Ra2+ 55.Ke3 Bxg2 56.Nc4 Bd5 57.Nb6 Rxa3+
58.Kd4 Be4 59.Nd7+ Kg5 60.Nc5 h5 61.Rh7 h4 62.Ne6+ Kg4 63.Rg7 Ra4+ 64.Ke3 f4+
65.Nxf4 Bf5 66.Nd5 h3 67.Rh7 Kg3 68.Ke2 Re4+ 69.Kf1 Rc4 70.Ne3 Rc1+ 71.Ke2 h2
72.Nf1+ Rxf1  0-1

[Event "1st WMSG Blitz Pair"]
[Site "Beijing CHN"]
[Date "2008.10.08"]
[Round "11"]
[White "Pourkashiyan,A"]
[Black "Vasilevich,T"]
[Result "1/2-1/2"]
[WhiteElo "2241"]
[BlackElo "2368"]

1.e4 c5 2.Nf3 a6 3.Nc3 e6 4.d4 cxd4 5.Nxd4 Qc7 6.Bd3 Nf6 7.O-O d6 8.Be3 Be7
9.Kh1 O-O 10.f4 Nbd7 11.Qf3 Nc5  1/2-1/2

[Event "1st WMSG Blitz Pair"]
[Site "Beijing CHN"]
[Date "2008.10.08"]
[Round "11"]
[White "Greeff,M"]
[Black "Sarakauskiene,Z"]
[Result "1-0"]
[WhiteElo "1963"]
[BlackElo "2188"]

1.e4 c5 2.Nf3 e6 3.d4 cxd4 4.Nxd4 a6 5.Nc3 Qc7 6.Be3 Bb4 7.Qd2 Nf6 8.f3 d5
9.exd5 Nxd5 10.Nde2 Nxe3 11.Qxe3 O-O 12.a3 Bc5 13.Qg5 h6 14.Qg3 Qxg3+ 15.Nxg3 Nc6
16.Nge4 Bd4 17.O-O-O b5 18.g4 Be3+ 19.Kb1 Ne5 20.Bg2 Rb8 21.Rhe1 Bf4 22.h4 Nc4
23.g5 b4 24.axb4 Rxb4 25.b3 Bb7 26.gxh6 Bxh6 27.Bf1 Ne3 28.Rd7 Bc6 29.Rc7 Nxf1
30.Rxf1 Bxe4 31.Nxe4 a5 32.Rd1 a4 33.Kb2 axb3 34.cxb3 Rfb8 35.Nc5 Be3 36.Rd3 Bxc5
37.Rxc5 Rxh4 38.Rc7 Rf4 39.Ka3 Ra8+ 40.Kb2 Rb8 41.Ka3 Kh7 42.Rc6 Kg6 43.Rc4 Kf5
44.Rdc3 g5 45.b4 f6 46.Ka4 e5 47.b5 Rxc4+ 48.Rxc4 Ra8+ 49.Kb4 Rb8 50.Kc5 Rc8+
51.Kb4 Rb8 52.Ka5 Ra8+  1-0

[Event "YUURGU-65 GM"]
[Site "Chelyabinsk RUS"]
[Date "2008.10.09"]
[Round "8"]
[White "Fazulyanov,S"]
[Black "Gnusarev,P"]
[Result "0-1"]
[WhiteElo "2395"]
[BlackElo "2364"]

1.e4 c5 2.Nf3 e6 3.d4 cxd4 4.Nxd4 a6 5.Nc3 Qc7 6.Bd3 Nf6 7.O-O Bc5 8.Nb3 Be7
9.Be3 d6 10.a4 b6 11.f4 Nc6 12.Qf3 O-O 13.Qh3 Bb7 14.Rae1 Nb4 15.Nd2 Nd7
16.f5 exf5 17.exf5 Rfe8 18.Nde4 d5 19.Bf4 Qd8 20.Nd6 Bxd6 21.Bxd6 Rxe1 22.Rxe1 Nxd3
23.cxd3 Nc5 24.Be7 Qd7 25.Bh4 d4 26.Ne4 Nxe4 27.dxe4 d3 28.Qg4 Qd4+ 29.Bf2 Qxb2  0-1

[Event "1st WMSG Rapid Pair"]
[Site "Beijing CHN"]
[Date "2008.10.10"]
[Round "6"]
[White "Chen Peng An"]
[Black "Sarakauskiene,Z"]
[Result "0-1"]
[WhiteElo "1553"]
[BlackElo "2188"]

1.e4 c5 2.Nf3 e6 3.d4 cxd4 4.Nxd4 a6 5.Nc3 Qc7 6.Be3 Bb4 7.Bd2 Nf6 8.Bd3 Bd6
9.Qe2 Nc6 10.Nb3 b5 11.a3 Bb7 12.O-O-O b4 13.axb4 Nxb4 14.Be3 Be5 15.Bd4 O-O
16.g3 Bxd4 17.Nxd4 Rfc8 18.Rhe1 d5 19.e5 Nd7 20.Qe3 Nxd3+ 21.Rxd3 Nc5 22.Rd2 Qa5
23.f4 Ne4 24.Nb3 Qb4 25.Nxe4 dxe4 26.Qd4 Qxb3 27.Red1 Bd5 28.Re2 Qa2 29.h4 h6
30.g4 Rab8 31.h5 Rc4 32.Qa7 Qxb2+ 33.Kd2 Rxc2+ 34.Ke1 Rxe2+ 35.Kf1 Rh2  0-1

[Event "1st WMSG Rapid Pair"]
[Site "Beijing CHN"]
[Date "2008.10.10"]
[Round "6"]
[White "Uchida,N"]
[Black "Greeff,M"]
[Result "0-1"]
[WhiteElo "1822"]
[BlackElo "1963"]

1.e4 c5 2.Nf3 e6 3.d4 cxd4 4.Nxd4 a6 5.Nc3 Qc7 6.Qf3 Nc6 7.Nb3 Nf6 8.Bf4 d6
9.Bd3 Be7 10.O-O O-O 11.Ne2 e5 12.Be3 Nb4 13.Nc3 Be6 14.Rad1 Bg4 15.Qg3 Bxd1
16.Rxd1 Rfd8 17.a3 Nxd3 18.Rxd3 Qc6 19.f3 a5 20.Bg5 Nh5 21.Qg4 Bxg5 22.Qxh5 Be7
23.Rd2 b5 24.Nd5 Bf8 25.Nc1 b4 26.axb4 axb4 27.Nb3 Ra2 28.Qh4 Rda8 29.h3 Rxb2
30.Qf2 Rb1+ 31.Kh2 Qb7 32.Re2 Rc8 33.Qe3 h6 34.Qd2 Rb2 35.Nxb4 d5 36.Nxd5 Rcxc2
37.Na5 Rxd2 38.Nxb7 Rxe2  0-1

[Event "Belgrade Premier League"]
[Site "Belgrade SRB"]
[Date "2008.10.10"]
[Round "6"]
[White "Pavlovic,Rad"]
[Black "Nestorovic,De"]
[Result "1-0"]
[WhiteElo "2146"]
[BlackElo "2424"]

1.e4 c5 2.Ne2 e6 3.Nbc3 a6 4.d4 cxd4 5.Nxd4 b5 6.Bd3 Qb6 7.Nf3 d6 8.e5 Nd7
9.Be3 Qc7 10.exd6 Bxd6 11.O-O Bc5 12.Re1 Ngf6 13.Ne4 Nxe4 14.Bxe4 Bb7 15.Bxb7 Qxb7
16.Bxc5 Nxc5 17.Qd4 Na4 18.Qxg7 O-O-O 19.Re3 Rhg8 20.Qf6 Rg6 21.Qe5 Rd5 22.Qh8+ Rd8
23.Qxh7 Nxb2 24.Qh5 Qc6 25.Nh4 Rg7 26.g3 f6 27.Rae1 e5 28.Qh6 Rc7 29.Nf5 Kb7
30.Rb3 Nc4 31.Rd3 Rxd3 32.cxd3 Nb2 33.d4 Nd3 34.Rf1 exd4 35.Nxd4 Qd5 36.Qxf6 Ne5
37.Re1 Nd3 38.Re7 Rxe7 39.Qxe7+ Kb6 40.Qe3 Qc4 41.Nb3+ Kc7 42.Qa7+ Kd8 43.Qxa6 Qe4
44.Qb6+ Kc8 45.Qe3  1-0

[Event "Masters"]
[Site "Winterthur SUI"]
[Date "2008.10.10"]
[Round "8"]
[White "Freuler,R"]
[Black "Schnelli,R"]
[Result "1-0"]
[WhiteElo "2067"]
[BlackElo "2011"]

1.e4 c5 2.Nf3 e6 3.d4 cxd4 4.Nxd4 a6 5.Nc3 Qc7 6.Be2 Nf6 7.O-O Bb4 8.Qd3 Nc6
9.Nxc6 Qxc6 10.e5 Bxc3 11.bxc3 Nd5 12.c4 Nb4 13.Qg3 Qc5 14.Ba3 Qa5 15.Qxg7 Rf8
16.Qg3 d6 17.Rab1 Nxc2 18.Bxd6 Nd4 19.Qg7 Nxe2+ 20.Kh1 Qd8 21.Qxf8+ Kd7 22.Qxf7+ Kc6
23.Qf3+  1-0